Statistical Bulletin February 2007 (Record no. 588785)
[ view plain ]
| 000 -LEADER | |
|---|---|
| fixed length control field | 00327nam a22001217a 4500 |
| 082 ## - DEWEY DECIMAL CLASSIFICATION NUMBER | |
| Classification number | 332.095957021 SBP |
| 100 ## - MAIN ENTRY--PERSONAL NAME | |
| Personal name | State Bank of Pakistan. |
| 245 ## - TITLE STATEMENT | |
| Title | Statistical Bulletin February 2007 |
| Statement of responsibility, etc. | State Bank of Pakistan. |
| 260 ## - PUBLICATION, DISTRIBUTION, ETC. | |
| Place of publication, distribution, etc. | Karachi |
| Name of publisher, distributor, etc. | State Bank of Pakistan. |
| Date of publication, distribution, etc. | 2007 |
| 300 ## - PHYSICAL DESCRIPTION | |
| Extent | 233p |
| 563 ## - BINDING INFORMATION | |
| Binding note | P.B |
| 942 ## - ADDED ENTRY ELEMENTS (KOHA) | |
| Source of classification or shelving scheme | |
| Koha item type | Book |
| Withdrawn status | Lost status | Source of classification or shelving scheme | Damaged status | Not for loan | Permanent Location | Current Location | Date acquired | Total Checkouts | Full call number | Barcode | Date last seen | Price effective from | Koha item type |
|---|---|---|---|---|---|---|---|---|---|---|---|---|---|
| Central Library (CL) | Central Library (CL) | 03/16/2022 | 332.095957021 SBP | S3H-R-199 | 03/16/2022 | 03/16/2022 | Book | ||||||
| Central Library (CL) | Central Library (CL) | 03/16/2022 | 332.095957021 SBP | S3H-R-202 | 03/16/2022 | 03/16/2022 | Book | ||||||
| Central Library (CL) | Central Library (CL) | 03/16/2022 | 332.095957021 SBP | S3H-R-201 | 03/16/2022 | 03/16/2022 | Book | ||||||
| Central Library (CL) | Central Library (CL) | 03/16/2022 | 332.095957021 SBP | S3H-R-200 | 03/16/2022 | 03/16/2022 | Book |
